[Event "Torneo Internazionale"]
[Site "Kecskemet HUN"]
[Date "1972.06.??"]
[Round "1"]
[White "Paoli, Enrico"]
[Black "Radulov, Ivan G."]
[Result "0-1"]
[WhiteElo "2355"]
[BlackElo "2485"]
[PlyCount "78"]
[EventDate "1972.06.02"]

1. e4 c5 2. Nf3 Nc6 3. d4 cxd4 4. Nxd4 Nf6 5. Nc3 d6 6. Bc4 Qb6 7. Nb3 e6 8.
O-O a6 9. a4 Na5 10. Be3 Qc7 11. Nxa5 Qxa5 12. Qd4 Be7 13. b4 Qc7 14. Be2 Nd7
15. Ra3 b6 16. Nb1 O-O 17. Rc1 Bf6 18. Qd1 Bb2 19. Rd3 Bxc1 20. Bxc1 Bb7 21.
Rxd6 Rfd8 22. f3 Ne5 23. Rd2 Rxd2 24. Bxd2 Rd8 25. Qc1 Nc4 26. Bf4 e5 27. Bg3
Qd6 28. c3 b5 29. axb5 axb5 30. Bxc4 bxc4 31. Na3 Ba6 32. h3 Qd1+ 33. Qxd1
Rxd1+ 34. Kh2 Ra1 35. b5 Rxa3 36. bxa6 f6 37. Bf2 Rxa6 38. Bc5 Kf7 39. Kg3 Ra2
0-1

[Event "Torneo Internazionale"]
[Site "Kecskemet HUN"]
[Date "1972.06.??"]
[Round "3"]
[White "Paoli, Enrico"]
[Black "Deze, Anton"]
[Result "0-1"]
[WhiteElo "2355"]
[BlackElo "2400"]
[PlyCount "114"]
[EventDate "1972.06.02"]

1. e4 c5 2. Nf3 Nc6 3. d4 cxd4 4. Nxd4 Nf6 5. Nc3 d6 6. Bc4 Qb6 7. Nb3 e6 8.
O-O a6 9. a4 Na5 10. Be3 Qc7 11. Nxa5 Qxa5 12. Qd4 Be7 13. b4 Qc7 14. b5 O-O
15. b6 Qd8 16. Bg5 Bd7 17. a5 Rc8 18. Na4 h6 19. Bh4 Bc6 20. Bd3 Qd7 21. Nb2 e5
22. Qe3 d5 23. Bxf6 Bxf6 24. Rfd1 d4 25. Qe2 Qe7 26. Nc4 Qc5 27. Nd2 Be7 28.
Bc4 Bg5 29. Bd3 Rfd8 30. Nf3 Be7 31. Ne1 Re8 32. Bc4 Bf8 33. Bb3 Qd6 34. Nd3
Qg6 35. Re1 Bd6 36. Ra2 Kh8 37. Qf3 Rf8 38. Bd5 Bxd5 39. exd5 Rc3 40. Qe2 Re8
41. Ra4 Re7 42. Rd1 Qf5 43. Ne1 Qd7 44. Rda1 Bc5 45. Rc4 Qxd5 46. Rxc3 dxc3 47.
Rd1 Bd4 48. Nf3 Re6 49. Ra1 Rd6 50. Nh4 e4 51. g4 g5 52. Ng2 Rf6 53. Ne3 Qc5
54. Ra4 Rf3 55. Rc4 Qe5 56. Rc7 Qf4 57. Rxb7 Rxf2 0-1

[Event "Torneo Internazionale"]
[Site "Kecskemet HUN"]
[Date "1972.06.??"]
[Round "4"]
[White "Bilek, Istvan"]
[Black "Paoli, Enrico"]
[Result "1/2-1/2"]
[WhiteElo "2490"]
[BlackElo "2355"]
[PlyCount "32"]
[EventDate "1972.06.02"]

1. g3 d5 2. Bg2 e5 3. c4 c6 4. cxd5 cxd5 5. d4 e4 6. f3 exf3 7. Nxf3 Nf6 8. O-O
Be7 9. Nc3 O-O 10. Qb3 Nc6 11. Bf4 h6 12. Rad1 Na5 13. Qc2 Be6 14. Ne5 Rc8 15.
Qd2 Nc4 16. Nxc4 Rxc4 1/2-1/2

[Event "Torneo Internazionale"]
[Site "Kecskemet HUN"]
[Date "1972.06.??"]
[Round "5"]
[White "Paoli, Enrico"]
[Black "Dely, Peter"]
[Result "0-1"]
[WhiteElo "2355"]
[BlackElo "2480"]
[PlyCount "67"]
[EventDate "1972.06.02"]

1. e4 c5 2. Nf3 d6 3. d4 cxd4 4. Nxd4 Nf6 5. Nc3 g6 6. Bc4 Bg7 7. Bb3 Nc6 8.
Nde2 O-O 9. O-O Na5 10. h3 a6 11. Be3 b5 12. f3 Bb7 13. Qd2 Rc8 14. Bh6 Nc4 15.
Bxc4 Bxh6 16. Qxh6 Rxc4 17. a3 a5 18. Qd2 Qb6+ 19. Rf2 Rfc8 20. Rc1 e5 21. Ng3
b4 22. axb4 axb4 23. Na4 Qd8 24. b3 Rd4 25. Qe1 d5 26. exd5 Nxd5 27. Qxe5 Nf4
28. Nf1 Nd3 29. Qe3 Nxc1 30. Qxc1 Rd1 31. Qf4 Ba6 32. Qxb4 Rxf1+ 33. Rxf1 Bxf1
34. Kxf1 0-1

[Event "Torneo Internazionale"]
[Site "Kecskemet HUN"]
[Date "1972.06.??"]
[Round "6"]
[White "Suetin, Alexey Stepanovich"]
[Black "Paoli, Enrico"]
[Result "1-0"]
[WhiteElo "2560"]
[BlackElo "2355"]
[PlyCount "83"]
[EventDate "1972.06.02"]

1. e4 c5 2. Nf3 Nc6 3. d4 cxd4 4. Nxd4 Nf6 5. Nc3 d6 6. Bg5 e6 7. Qd2 Be7 8.
O-O-O O-O 9. f4 h6 10. Bh4 e5 11. Nf5 Bxf5 12. exf5 Qa5 13. Kb1 Rad8 14. Bxf6
Bxf6 15. Nd5 Qxd2 16. Nxf6+ gxf6 17. Rxd2 Ne7 18. g4 Rd7 19. fxe5 fxe5 20. Bg2
Rfd8 21. Rhd1 Kg7 22. a4 Kf6 23. h4 d5 24. c4 d4 25. Be4 Nc6 26. Rg2 Nb4 27.
g5+ hxg5 28. hxg5+ Ke7 29. g6 fxg6 30. fxg6 Kf8 31. Rh2 Rg7 32. Rf1+ Ke7 33.
Rh7 Rdg8 34. Rf7+ Rxf7 35. Rxf7+ Kd6 36. g7 d3 37. Kc1 Ke6 38. Rxb7 Na2+ 39.
Kd2 Kf6 40. c5 Rxg7 41. Rxg7 Kxg7 42. c6 1-0

[Event "Torneo Internazionale"]
[Site "Kecskemet HUN"]
[Date "1972.06.??"]
[Round "8"]
[White "Kapengut, Albert Z."]
[Black "Paoli, Enrico"]
[Result "1-0"]
[WhiteElo "2450"]
[BlackElo "2355"]
[PlyCount "55"]
[EventDate "1972.06.02"]

1. e4 c5 2. Nf3 Nc6 3. Bb5 g6 4. O-O Bg7 5. Re1 e5 6. b4 cxb4 7. a3 bxa3 8.
Bxa3 Nge7 9. Bd6 O-O 10. Nc3 Re8 11. Bc4 a6 12. Qb1 Bf6 13. Qa2 Rf8 14. Nd5
Nxd5 15. Bxf8 Qxf8 16. Bxd5 b5 17. d4 exd4 18. e5 Be7 19. Nxd4 Bb7 20. e6 Bf6
21. exf7+ Kg7 22. Nxc6 dxc6 23. Be6 c5 24. Rad1 c4 25. Qa5 Qc5 26. Rd7 Qc6 27.
f8=Q+ Kxf8 28. Rf7+ 1-0

[Event "Torneo Internazionale"]
[Site "Kecskemet HUN"]
[Date "1972.06.??"]
[Round "10"]
[White "Forintos, Gyozo Victor"]
[Black "Paoli, Enrico"]
[Result "0-1"]
[WhiteElo "2485"]
[BlackElo "2355"]
[PlyCount "64"]
[EventDate "1972.06.02"]

1. Nf3 d5 2. b3 c5 3. e3 Nc6 4. Bb2 Nf6 5. Bb5 Bd7 6. O-O e6 7. c4 Bd6 8. cxd5
exd5 9. d4 cxd4 10. Nxd4 O-O 11. Be2 Re8 12. Nc3 a6 13. Rc1 Rc8 14. h3 Nxd4 15.
Qxd4 Be5 16. Qb4 b5 17. Ba1 d4 18. Nxb5 axb5 19. Rxc8 Qxc8 20. exd4 Nd5 21. Qd2
Bb8 22. Bd3 Nf4 23. Rd1 Qc6 24. Bf1 Qg6 25. h4 Re2 26. Qa5 Nh3+ 27. Kh1 Nxf2+
28. Kg1 Nh3+ 29. Kh1 Qg3 30. Qd8+ Re8 31. Qxb8 Nf2+ 32. Kg1 Rxb8 0-1

[Event "Torneo Internazionale"]
[Site "Kecskemet HUN"]
[Date "1972.06.??"]
[Round "11"]
[White "Paoli, Enrico"]
[Black "Espig, Lutz"]
[Result "1/2-1/2"]
[WhiteElo "2355"]
[BlackElo "2460"]
[PlyCount "139"]
[EventDate "1972.06.02"]

1. e4 c5 2. Nf3 e6 3. d4 cxd4 4. Nxd4 Nf6 5. Bd3 Nc6 6. Nxc6 bxc6 7. O-O d5 8.
Nd2 Be7 9. b3 O-O 10. Bb2 a5 11. Qe2 a4 12. Rab1 Qb6 13. h3 Ba6 14. Bxa6 Qxa6
15. Rfe1 Qxe2 16. Rxe2 Rfb8 17. Kf1 Nd7 18. Nf3 Ra6 19. Ne1 Nc5 20. exd5 cxd5
21. Nf3 f6 22. Ba3 Kf7 23. Bxc5 Bxc5 24. Ne1 e5 25. Rd1 Rd8 26. Nd3 Be7 27. f3
Rc8 28. Red2 Rac6 29. Ne1 d4 30. Re2 g5 31. Rb1 Rc3 32. Rd2 a3 33. Ke2 Re3+ 34.
Kf1 Bb4 35. Rf2 Bxe1 36. Rxe1 Rec3 37. Ree2 Ke6 38. Rd2 Kd5 39. Ke1 f5 40. Kd1
Kc5 41. Rfe2 Kd5 42. Rf2 Ke6 43. Rd3 R3c6 44. Re2 Kf6 45. Red2 f4 46. b4 Ra8
47. Rb3 Rb6 48. Rdd3 Ra4 49. Kc1 Kf5 50. Rxa3 Rbxb4 51. Rxa4 Rxa4 52. a3 e4 53.
fxe4+ Kxe4 54. Kd2 h5 55. c3 Rxa3 56. Rxd4+ Kf5 57. Rd5+ Kf6 58. Ke2 Rxc3 59.
h4 Rg3 60. Kf2 g4 61. Rxh5 Ra3 62. Rb5 Ra2+ 63. Kf1 Ra8 64. Rg5 Ra1+ 65. Kf2
Ra2+ 66. Kf1 g3 67. Rb5 Kg6 68. Rg5+ Kh6 69. Rf5 Rf2+ 70. Kg1 1/2-1/2

[Event "Torneo Internazionale"]
[Site "Kecskemet HUN"]
[Date "1972.06.??"]
[Round "12"]
[White "Tabor, Jozsef"]
[Black "Paoli, Enrico"]
[Result "1-0"]
[WhiteElo "2440"]
[BlackElo "2355"]
[PlyCount "69"]
[EventDate "1972.06.02"]

1. e4 c5 2. Nf3 Nc6 3. d4 cxd4 4. Nxd4 Nf6 5. Nc3 d6 6. Be2 e5 7. Nb3 Be7 8.
O-O O-O 9. f4 exf4 10. Bxf4 Be6 11. Bf3 Rc8 12. Kh1 Ne5 13. Nd5 Nxd5 14. exd5
Bf5 15. Nd4 Bg6 16. b3 Bf6 17. c4 Re8 18. Qd2 Qb6 19. Nb5 Nxf3 20. gxf3 Bxa1
21. Rxa1 Rcd8 22. Bg3 Rd7 23. Qf4 Qa5 24. Nxd6 Red8 25. Nb5 a6 26. Nd4 Qc3 27.
Re1 h6 28. Re2 Qa1+ 29. Kg2 Bd3 30. Rf2 Re8 31. d6 Re1 32. Qg4 Rg1+ 33. Kh3
Bf1+ 34. Kh4 Qc1 35. Nf5 1-0

[Event "Torneo Internazionale"]
[Site "Kecskemet HUN"]
[Date "1972.06.??"]
[Round "13"]
[White "Paoli, Enrico"]
[Black "Lengyel, Levente"]
[Result "0-1"]
[WhiteElo "2355"]
[BlackElo "2485"]
[PlyCount "82"]
[EventDate "1972.06.02"]

1. e4 e5 2. Nf3 Nc6 3. Bc4 Nf6 4. Ng5 d5 5. exd5 Na5 6. Bb5+ c6 7. dxc6 bxc6 8.
Be2 h6 9. Nh3 Bd6 10. d3 O-O 11. Nc3 Nd5 12. Ne4 Bc7 13. O-O f5 14. Ng3 Qh4 15.
Kh1 Be6 16. Bd2 Nb7 17. Bf3 Rad8 18. Qe1 g5 19. Ng1 g4 20. Bd1 h5 21. f4 Rde8
22. fxe5 f4 23. Qe4 Bf7 24. Bxf4 Nxf4 25. Rxf4 Rxe5 26. Qxc6 Rc5 27. Qf6 Qxf6
28. Rxf6 Be5 29. Rf1 Rb5 30. c3 Rxb2 31. N1e2 Nd6 32. a4 Rd2 33. d4 Bg7 34. Ng1
h4 35. Nf5 h3 36. Ne7+ Kh8 37. Ne2 Re8 38. Rxf7 Nxf7 39. Ng6+ Kh7 40. Ngf4 Bh6
41. g3 Bxf4 0-1

[Event "Torneo Internazionale"]
[Site "Kecskemet HUN"]
[Date "1972.06.??"]
[Round "14"]
[White "Paoli, Enrico"]
[Black "Ribli, Zoltan"]
[Result "0-1"]
[WhiteElo "2355"]
[BlackElo "2440"]
[PlyCount "94"]
[EventDate "1972.06.02"]

1. e4 c5 2. Nf3 e6 3. d4 cxd4 4. Nxd4 Nf6 5. Nc3 d6 6. Be2 Be7 7. O-O a6 8. f4
Qc7 9. a3 O-O 10. Be3 b5 11. Bf3 Bb7 12. Qe2 Nbd7 13. Rad1 Rac8 14. g4 Nc5 15.
Qg2 Rfe8 16. g5 Nfd7 17. h4 Bf8 18. h5 e5 19. Nde2 Nb6 20. f5 Nca4 21. g6 Nc4
22. gxh7+ Kxh7 23. Bf2 Be7 24. Nd5 Bxd5 25. exd5 Naxb2 26. Be4 Bf6 27. Rb1 Na4
28. Rfd1 Nc5 29. Rb3 Rh8 30. Rg3 Nxe4 31. Qxe4 Kg8 32. Rdd3 Kf8 33. Qg4 Ke7 34.
Rh3 Qb7 35. Qe4 Nb6 36. c3 Rc4 37. Qg2 Ra4 38. Rd1 Rxa3 39. Bh4 Ra4 40. Bxf6+
gxf6 41. h6 Qc8 42. Qf2 Nd7 43. Qe3 Qc4 44. Kh2 Ra2 45. Rd2 Rxd2 46. Qxd2 Nb6
47. Qe3 Nxd5 0-1

[Event "Torneo Internazionale"]
[Site "Kecskemet HUN"]
[Date "1972.06.??"]
[Round "15"]
[White "Ghitescu, Theodor"]
[Black "Paoli, Enrico"]
[Result "1-0"]
[WhiteElo "2460"]
[BlackElo "2355"]
[PlyCount "143"]
[EventDate "1972.06.02"]

1. Nf3 c5 2. c4 Nc6 3. Nc3 g6 4. e3 Bg7 5. d4 Qa5 6. Be2 d6 7. O-O Nh6 8. d5
Nb8 9. e4 O-O 10. Bf4 Nd7 11. h3 Kh8 12. Re1 Ng8 13. Qd2 a6 14. a4 Ne5 15. Nxe5
dxe5 16. Be3 Rd8 17. Reb1 e6 18. Qc1 Bd7 19. Bd2 Qc7 20. a5 Rac8 21. Bd1 Ne7
22. Be3 exd5 23. cxd5 f5 24. f3 f4 25. Bf2 g5 26. Na4 Qxa5 27. Nxc5 Qc7 28. Qd2
Ng6 29. Rc1 Qb8 30. Nxd7 Rxd7 31. Rxc8+ Qxc8 32. Bb6 Bf8 33. Rc1 Qb8 34. Ba4
Rg7 35. Qc3 Bd6 36. Qc8+ Qxc8 37. Rxc8+ Rg8 38. Bd7 Ne7 39. Rc4 Kg7 40. Be6 Rb8
41. Bc7 Bxc7 42. Rxc7 Kf6 43. Bf5 h6 44. d6 Nc6 45. Rh7 a5 46. Kf1 Nd4 47.
Rxh6+ Kf7 48. Rh7+ Kf6 49. Bg4 Rd8 50. d7 a4 51. Rh6+ Ke7 52. Rb6 Rb8 53. Kf2
Nc6 54. Ke1 Kd8 55. Kd2 Kc7 56. Rb5 Ra8 57. Kc1 a3 58. bxa3 Rxa3 59. Kb2 Rd3
60. Rd5 Rxd5 61. exd5 Nb8 62. d6+ Kd8 63. Kc3 Nxd7 64. Kc4 Nb6+ 65. Kd3 Nc8 66.
Bxc8 Kxc8 67. Ke4 Kd7 68. Kxe5 Kd8 69. Ke6 b6 70. Kf6 Kd7 71. Kxg5 b5 72. Kxf4
1-0